000
00225nam a2200097Ia 4500
008
190216s9999||||xx |||||||||||||| ||und||
100
_a
Ramachandra Varma
245
0
_a
Hindi-Urdu Hindi Kosh
260
_b
Rathnagar
942
_c
BK
999
_c
18480
_d
18480